| 000 | 00751nam a22002537a 4500 | ||
|---|---|---|---|
| 003 | IIN | ||
| 005 | 20250507104641.0 | ||
| 008 | 250507s2024 |||ad||| |||| 001 0 eng d | ||
| 020 |
_a9789386896674 _cRs.1350.00 |
||
| 040 | _aIIN | ||
| 082 |
_a610.72699 _bVAT |
||
| 100 | _aVati, Jogindra | ||
| 245 |
_aAdult Medical Surgical Nursing _bwith Integrated Pathophysiology/ _cJogindra Vati, Prabhjot Kaur & Lakhwinder Kaur |
||
| 260 |
_aPunjab _bLotus _c2024 |
||
| 300 |
_a1078 [xxxix] p./ vol.1 _bill. |
||
| 500 | _aIncludes Index | ||
| 500 | _aIncludes Appendices | ||
| 500 | _aIncludes Glossary | ||
| 650 |
_aAdult Health _vNursing |
||
| 650 |
_aMedical Surgical _vNursing |
||
| 700 | _aKaur, Prabhjot | ||
| 700 | _aKaur, Lakhwinder | ||
| 942 | _cBOOK | ||
| 999 |
_c1804 _d1804 |
||